000
00310nam a22001217a 4500
999
_c
65065
_d
65062
082
_a
297.13
_a
PEN
100
_a
JOHN PENRICE, B.A
_a
JOHN PENRICE, B.A
245
_a
DICTIONARY AND GLOSSARY OF THE KORAN
250
_a
1st edition
260
_a
Karachi
_b
Royal book company ltd
_c
1986
300
_a
166
942
_c
BK